000 00410nam a2200133 a 4500
001 000032258
005 20200930063550.0
008 110713s1922 dr 000 0 spa d
040 _aDO-SdBNP
_bspa
_cBNPHU
245 0 0 _aMensaje a las asociaciones independientes de jóvenes de la República Dominicana /.
260 _aSanto Domingo :
_bRafael V. Montalvo,
_c1922.
300 _a37 p. ;
_c17 cm.
049 _aBNPD
999 _c31749
_d31749